000 00513nam a22001817a 4500
005 20231116063402.0
008 231116b |||||||| |||| 00| 0 eng d
020 _a0409026905
041 _aEnglish
082 _a344.1 EMP
100 _lEnglish
245 _aEmployment Equity Act 55/1998
250 _aSecond Edition
260 _aDurban :
_bButterworth Publishers (Pty) Ltd,
_c1999
300 _bv, 28 pages ;
_c25 cm.
650 _aLegal practice
_bLaw
942 _cBK
_6ALISON_BN_VRIES
999 _c700
_d700